000 00286 a2200145 4500
001 174199
020 _a
040 _cMagnum
100 _a-
240 1 0 _aO carneirinho esquecido
_lpor
245 1 0 _aO carneirinho esquecido
362 0 _a1899
697 _aI/ANIMAIS
942 _cBK
999 _c174199
_d174199